| 000 | 01483cam a22004574i 4500 | ||
|---|---|---|---|
| 003 | PE-LiUPU | ||
| 005 | 20250731172909.0 | ||
| 008 | 170502s1996 r 000 0 spa d | ||
| 035 | _a(Sirsi) a167497 | ||
| 040 | _aPE-LiUPU | ||
| 040 |
_aPE-LiUPU _bspa _cPE-LiUPU _erda |
||
| 049 | _aPRUA | ||
| 082 | 0 | 4 |
_a230.0903 _bB24 _220 |
| 100 | 1 |
_aBarth, Karl, _eautor. _92050 |
|
| 245 | 1 | 4 |
_aThe humanity of God / _cKarl Barh. |
| 264 | 1 |
_aRichmond, Virgnia. : _bJ. Knox Press, _c1966. |
|
| 300 |
_a96 pages ; _c21 centimeters. |
||
| 336 |
_atext _2rdacontent |
||
| 337 |
_aunmediated _2rdamedia |
||
| 338 |
_avolume _2rdacarrier |
||
| 505 | 0 | _aEvangelical theology in the 19th century -- The humanity of god -- The gift of Freedom foundation of Evangelical ethics. | |
| 526 | _aSEG42 | ||
| 526 | _aSEG41 | ||
| 526 | _aSEG40 | ||
| 526 | _aSEG39 | ||
| 526 | _aP94 | ||
| 526 | _aP87 | ||
| 526 | _aP86 | ||
| 526 | _aP85 | ||
| 526 | _aP77 | ||
| 526 | _aP76 | ||
| 526 | _aP35 | ||
| 650 | 1 | 7 |
_aJesucristo _xHumanidad. _2embne |
| 650 | 2 | 4 |
_aTeologia doctrinalxhistoria _ySiglo XIX. |
| 910 |
_ajck _bncf _cncf _d20170502 |
||
| 942 |
_2ddc _cBOOK |
||
| 994 |
_aC0 _bPEPRU |
||
| 596 | _a1 | ||
| 999 |
_a230.0903 B24 _wDEWEY _c16226 _i75384 _f2021-11-9 _g4 _lCCODEBUL1 _mBUL _p10.00 _r0 _sY _tBOOK _u2017-5-2 _xTEOLOGIA _PP85 _0COMPRA _o.STAFF. Colección Teologia _d16226 |
||
| 980 |
_81 _gALBERTO SANCHEZ Responsable de Automatización |
||